000 01144nam a2200253 a 4500
001 BRCA_2041
005 20190320203639.0
008 010808s1994----mx-a---###---#000-0#spa-#
020 _a9687181184 (Obra completa)
050 4 _aZ740.B36
_b.C38
_c1994
245 1 0 _aCatálogo de documentos antiguos
_ccoordinador del catálogo y de la serie Rosa María Fernández de Zamora.
260 _aMéxico
_bCámara de Diputados, Comité de Biblioteca e Informática
_c1994
300 _a2 v.
_bil.
_c19 cm.
440 0 _aSerie histórica
_v1
_96235
440 0 _aSerie histórica
_v2
_96235
505 0 _aContenido : v.1. Selección de impresos del siglo XVI al siglo XIX. -- v.2. Actas y documentos históricos de la Cámara de Diputados
610 2 4 _aMéxico Congreso
_vCatálogos
_xColecciones especiales
_96236
650 1 4 _aBibliotecas legislativas
_vCatálogos
_zMéxico
_96237
650 1 4 _aFuentes de archivos
_vCatálogos
_zMéxico
_96238
700 1 _aFernández de Zamora, Rosa María
_96239
740 0 _aSelección de impresos del siglo XVI al siglo XIX
740 0 _aActas y documentos históricos de la Cámara de Diputados
942 _2lcc
_cB
999 _c1807
_d1807